000 00566cam a22002294a 4500
005 20250605164306.0
008 250528s ||||||||||||||||||||||||d
035 _a22274
020 _a9780230507203
040 _aGR-AtMCL
_bgre
_dGR-AtMCL
_eAACR2
245 1 _aCONTEMPORARY STRATEGIC MARKETING
250 _a2
260 _bPalgrave Macmillan,
_c2008
300 _a462
700 1 _aBaines Paul
_93754
700 1 _aBrennan Ross
_98140
700 1 _aGarneau Paul
_98141
700 1 _aVos Lynn
_98142
942 _cBK
999 _c7330
_d7330